ბათუმის შოთა რუსთაველის სახელმწიფო უნივერსიტეტის ბიბლიოთეკა

შიგა წვის ძრავების თეორია : სახელმძღვ. / (ბიბ.ჩანაწერი № 40078)

000 -ლიდერი
ფიქსირებული სიგრძის საკონტროლო ველი 00941nam a2200217Ia 4500
001 - საკონტროლო ნომერი
საკონტროლო ველი 6684
003 - საკონტროლო ნომრის იდენტიფიკატორი
საკონტროლო ველი GE_BSU
005 - ბოლო ოპერაციის თარიღი და დრო
საკონტროლო ველი 20190627161810.0
008 - ფიქსირებული სიგრძის მონაცემთა ელემენტები - ზოგადი ინფორმაცია
ფიქსირებული სიგრძის საკონტროლო ველი 181216s1977|||| |||||||||||||| ||geo||
041 ## - ენის კოდი
Language code of text/sound track or separate title geo
080 ## - უნივერსალური ათობითი კლასიფიკაციის ინდექსი
Universal Decimal Classification number 621.43.01(075.8) მ-44
100 ## - მთავარი ჩანაწერი - პიროვნების სახელი
Personal name მახალდიანი, ვ.
9 (RLIN) 3001
245 ## - ცნობა სათაურის შესახებ
Title შიგა წვის ძრავების თეორია : სახელმძღვ. /
Statement of responsibility, etc ვ. მახალდიანი ; რედ : ე.გრძელიძე.
250 ## - გამოცემის ცნობა
Edition statement მეორე შევსებ. და გადამუშ. გამოც.
264 ## - წარმოების, გამოცემის, დისტრიბუციის და სხვა ცნობები
გამოცემის, წარმოების, დისტრიბუციის... ადგილი თბილისი :
გამოცემის, წარმოების, დისტრიბუციის... სახელწოდება განათლება,
გამოცემის, წარმოების, დისტრიბუციის... თარიღი 1977.
300 ## - ფიზიკური აღწერა
Extent 439 გვ :.
Dimensions 22 სმ
653 ## - INDEX TERM--UNCONTROLLED
Uncontrolled term შიგა წვის ძრავების თეორია
653 ## - INDEX TERM--UNCONTROLLED
Uncontrolled term ტექნიკა
700 ## - ADDED ENTRY--PERSONAL NAME
Personal name გრძელიძე, ე
Relator term რედაქტორი
9 (RLIN) 1326
942 ## - ADDED ENTRY ELEMENTS (KOHA)
Koha item type წიგნი
Source of classification or shelving scheme
ეგზემპლარები
ჩამოწერის სტატუსი დაკარგული ეგზემპლარის სტატუსი კლასიფიკაციის წყარო ან თაროზე გაწყობის სქემა დაზიანების სტატუსი არ გაიცემა მუდმივი მდებარეობა (დაცვის ადგილი) ამჟამინდელი ადგილსამყოფელი თაროზე განთავსების ადგილი შეძენის თარიღი ღირებულება, შესყიდვის ნორმალური ფასი სრული შენახვის შიფრი შტრიხკოდი ბოლო ოპერაციის თარიღი ეგზემპლარის მიმდევრობითი ნომერი (კეტერი?) ფასის ძალაში შესვლის თარიღი ეგზემპლარის სახეობა საჯარო შენიშვნა
          ტექნოლოგიური ფაკულტეტის ბიბლიოთეკა ტექნოლოგიური ფაკულტეტის ბიბლიოთეკა წიგნსაცავი 2018-12-17 1.00 621.43.01(075.8) მ-44 10949 2018-12-17 10949 2018-12-17 წიგნი 1 ლ. 88 თ.
          ტექნოლოგიური ფაკულტეტის ბიბლიოთეკა ტექნოლოგიური ფაკულტეტის ბიბლიოთეკა წიგნსაცავი 2018-12-17 1.00 621.43.01(075.8) მ-44 10950 2018-12-17 10950 2018-12-17 წიგნი 1 ლ. 88 თ.
          ტექნოლოგიური ფაკულტეტის ბიბლიოთეკა ტექნოლოგიური ფაკულტეტის ბიბლიოთეკა წიგნსაცავი 2018-12-17 1.00 621.43.01(075.8) მ-44 10951 2018-12-17 10951 2018-12-17 წიგნი 1 ლ. 88 თ.
          ტექნოლოგიური ფაკულტეტის ბიბლიოთეკა ტექნოლოგიური ფაკულტეტის ბიბლიოთეკა წიგნსაცავი 2018-12-17 1.00 621.43.01(075.8) მ-44 10952 2018-12-17 10952 2018-12-17 წიგნი 1 ლ. 88 თ.
          ტექნოლოგიური ფაკულტეტის ბიბლიოთეკა ტექნოლოგიური ფაკულტეტის ბიბლიოთეკა წიგნსაცავი 2018-12-17 1.00 621.43.01(075.8) მ-44 10953 2018-12-17 10953 2018-12-17 წიგნი 1 ლ. 88 თ.
          ტექნოლოგიური ფაკულტეტის ბიბლიოთეკა ტექნოლოგიური ფაკულტეტის ბიბლიოთეკა წიგნსაცავი 2018-12-17 1.00 621.43.01(075.8) მ-44 10954 2018-12-17 10954 2018-12-17 წიგნი 1 ლ. 88 თ.
          ტექნოლოგიური ფაკულტეტის ბიბლიოთეკა ტექნოლოგიური ფაკულტეტის ბიბლიოთეკა წიგნსაცავი 2018-12-17 1.00 621.43.01(075.8) მ-44 10955 2018-12-17 10955 2018-12-17 წიგნი 1 ლ. 88 თ.
          ტექნოლოგიური ფაკულტეტის ბიბლიოთეკა ტექნოლოგიური ფაკულტეტის ბიბლიოთეკა წიგნსაცავი 2018-12-17 1.00 621.43.01(075.8) მ-44 10956 2018-12-17 10956 2018-12-17 წიგნი 1 ლ. 88 თ.
          ტექნოლოგიური ფაკულტეტის ბიბლიოთეკა ტექნოლოგიური ფაკულტეტის ბიბლიოთეკა წიგნსაცავი 2018-12-17 1.00 621.43.01(075.8) მ-44 10957 2018-12-17 10957 2018-12-17 წიგნი 1 ლ . 88 თ.